| 000 | 00694nam a2200217 i 4500 | ||
|---|---|---|---|
| 001 | 109120 | ||
| 003 | ES-MaACL | ||
| 005 | 20250811095856.0 | ||
| 007 | t| | ||
| 008 | 061121s1949 sp r ||||1| spa d | ||
| 080 | _a136.1:396 | ||
| 100 | 1 |
_aOliver Brachfeld, F. _986832 |
|
| 245 | 1 | 4 |
_aLos complejos de inferioridad de la mujer : _b(introducción a la psicología femenina) / _cDr. F. Oliver Brachfeld. |
| 250 | _a2ª ed. | ||
| 260 |
_aBarcelona : _b[Horta de Impresiones y Ediciones], _c1949. |
||
| 300 |
_a254 p. ; _c22 cm. |
||
| 650 | 4 |
_aMujeres- _xPsicología. _915309 |
|
| 650 | 7 |
_aComplejos (Psicología) _2embne _9163788 |
|
| 852 | 4 |
_aES-MaACL _jC-4507 |
|
| 999 |
_c109120 _d109120 |
||